| 000 | 01125 a2200241 4500 | ||
|---|---|---|---|
| 005 | 20081010113718.0 | ||
| 008 | 081010t xxu||||| |||| 00| 0 ur d | ||
| 010 | _aUR-7267 | ||
| 020 |
_a978-8185362-99-1 _c250.00 (app) |
||
| 035 | _aU-5824 | ||
| 037 | _bD.B.Act/pub | ||
| 082 | _a954.084 | ||
| 100 | _aعا بدہ سميع الد ين | ||
| 245 |
_aقومی محازآزادی اور يوپی کے مسلما ن صحا فی _cعا بدہ سميع الدين |
||
| 246 |
_aQaumi mahaz azadi aour U.P. ke musalman sahafi _bby Abida Samiuddin |
||
| 260 |
_aنئ دھلی _bانسٹی ٹيوٹ آف آبجيکٹيو اسٹڈ يز _c2007 |
||
| 270 |
_a162،جوگا با ئ مين روڈ ،جا معہ نگر _bنئ دھلی _e110025 |
||
| 300 |
_a 294 ص _c22سينٹی ميٹر |
||
| 650 | _aتا ر يخ | ||
| 700 | _aمحمد محبوب خان افسر عثمانی | ||
| 942 |
_adpl _cUR _k _2ddc _h954. 0841 _mع ا ب |
||
| 999 |
_c1563 _d1563 |
||